00354nam a2200121Ia 4500008004100000020001800041041000800059082003000067100003800097245005100135260003700186300000900223230411s9999 xx 000 0 und d a0-7637-4052-7 aeng aP/610.7365/BRO/FLA/B05805 aBrowne Nancy & Flanigan Laura Ed. aNursing Care of the Pediatric Surgical Patient bJones and BartlettaBostonc2007 a532p